The Economics of Risk and Insurance (Record no. 2423)

MARC details
005 - DATE AND TIME OF LATEST TRANSACTION
control field 20250519071427.0
020 ## - INTERNATIONAL STANDARD BOOK NUMBER
International Standard Book Number 978-1-4051-8552-3
082 ## - DEWEY DECIMAL CLASSIFICATION NUMBER
Classification number LECT 368 SEO
100 ## - MAIN ENTRY--PERSONAL NAME
Author name SEOG, S. H.
245 ## - TITLE STATEMENT
Title The Economics of Risk and Insurance
260 ## - PUBLICATION, DISTRIBUTION, ETC.
Place of publication, distribution, etc. Singapore,
Name of publisher, distributor, etc. Wiley-Blackwell,
Date of publication, distribution, etc. 2010.
300 ## - PHYSICAL DESCRIPTION
Extent viii, 343p.: ill.; figure.
Other physical details Index.
Dimensions 23cm.
942 ## - ADDED ENTRY ELEMENTS (KOHA)
Source of classification or shelving scheme Dewey Decimal Classification
Koha item type Books
Holdings
Date last seen Total checkouts Full call number Barcode Cost, replacement price Price effective from Koha item type Lost status Source of classification or shelving scheme Damaged status Not for loan Withdrawn status Home library Current library Shelving location Date acquired Cost, normal purchase price
05/19/2025   LECT 368 SEO 0000009106 165000.00 05/19/2025 Books   Dewey Decimal Classification       College of Business Education Main Library College of Business Education Main Library General Collection 11/28/2014 55000.00